Object oriented methods

A revision of Ian Graham's successful survey of the whole area of object technology. It covers object-oriented programming, object-oriented design, object-oriented analysis, object-oriented databases, and treats several related technologies. New to this edition are more applications of object-o...

Πλήρης περιγραφή

Αποθηκεύτηκε σε:
Λεπτομέρειες βιβλιογραφικής εγγραφής
Κύριος συγγραφέας: Graham, Ian
Μορφή: Βιβλίο
Γλώσσα:Undetermined
Έκδοση: Wokingham, England Addison-Wesley 1994
Θέματα:
Ετικέτες: Προσθήκη ετικέτας
Δεν υπάρχουν, Καταχωρήστε ετικέτα πρώτοι!
Thư viện lưu trữ: Trung tâm Học liệu Trường Đại học Cần Thơ
LEADER 00911nam a2200193Ia 4500
001 CTU_149513
008 210402s9999 xx 000 0 und d
082 |a 005.11 
082 |b G738 
100 |a Graham, Ian 
245 0 |a Object oriented methods 
245 0 |c Ian Graham 
260 |a Wokingham, England 
260 |b Addison-Wesley 
260 |c 1994 
520 |a A revision of Ian Graham's successful survey of the whole area of object technology. It covers object-oriented programming, object-oriented design, object-oriented analysis, object-oriented databases, and treats several related technologies. New to this edition are more applications of object-oriented methods and over twice the material on design and analysis. 
650 |a Object-oriented methods (Computer science),Lý thuyết lập trình 
904 |i Trọng Hải 
980 |a Trung tâm Học liệu Trường Đại học Cần Thơ